Wanted--best friend /

Cat advertises for a new playmate when his best friend Mouse refuses to play checkers.

Bibliographic Details
Main Author: Monson, A. M.
Other Authors: Munsinger, Lynn (Illustrator)
Format: Book
Language:English
Published: New York : Dial Books for Young Readers, [1997]
Edition:1st ed.
Subjects:

MARC

Tag First Indicator Second Indicator Subfields
LEADER 00000pam a2200000 a 4500
001 in00001409910
005 20151020070415.0
008 950524s1997 nyua j 000 1 eng
010 |a  95022828  
020 |a 0803714831 (trade) 
020 |a 0803714858 (lib. bdg.) 
035 |a (OCoLC)32665542 
035 |9 AHP8847AM 
040 |a DLC  |c DLC  |d UtOrBLW 
049 |a TXAG 
050 0 0 |a PZ7.M7628  |b Wan 1997 
082 0 0 |a [E]  |2 20 
100 1 |a Monson, A. M. 
245 1 0 |a Wanted--best friend /  |c by A.M. Monson ; pictures by Lynn Munsinger. 
250 |a 1st ed. 
264 1 |a New York :  |b Dial Books for Young Readers,  |c [1997] 
264 4 |c ©1997 
300 |a 1 volume (unpaged) :  |b color illustrations ;  |c 27 cm. 
336 |a text  |b txt  |2 rdacontent 
337 |a unmediated  |b n  |2 rdamedia 
338 |a volume  |b nc  |2 rdacarrier 
520 |a Cat advertises for a new playmate when his best friend Mouse refuses to play checkers. 
650 1 |a Best friends  |x Fiction. 
650 1 |a Cats  |x Fiction. 
650 1 |a Mice  |x Fiction. 
700 1 |a Munsinger, Lynn,  |e illustrator. 
999 |a MARS 
999 f f |s ecbcae26-c558-3502-8100-223c91de80d6  |i cf5bddfc-2cbb-3ec4-a4f4-66f6cbfbbe84  |t 0 
952 f f |p normal  |a Texas A&M University  |b College Station  |c Sterling C. Evans Library  |d Evans: Curriculum Collection (4th floor)  |t 0  |e PZ7.M7628 Wan 1997  |h Library of Congress classification  |i unmediated -- volume  |m A14822370282 
998 f f |a PZ7.M7628 Wan 1997  |t 0  |l Evans: Curriculum Collection (4th floor)